Cell biology / (Record no. 83148)

MARC details
000 -LEADER
fixed length control field 00568nam a22001937a 4500
005 - DATE AND TIME OF LATEST TRANSACTION
control field 20140324114439.0
010 ## - LCCN (DPL NO)
LC control number ENG-109609
020 ## - INTERNATIONAL STANDARD BOOK NUMBER
Terms of availability 250.00
International Standard Book Number 9789382459002
035 ## - SYSTEM CONTROL NUMBER
System control number EN-93142
037 ## - SOURCE OF ACQUISITION
Source of stock number/acquisition DBAD/PUB
100 ## - MAIN ENTRY--PERSONAL NAME
Personal name Arumugam, N.
245 ## - TITLE STATEMENT
Title Cell biology /
Statement of responsibility, etc by N. Arumugam
250 ## - EDITION STATEMENT
Edition statement 8th rev ed
260 ## - PUBLICATION, DISTRIBUTION, ETC. (IMPRINT)
Name of publisher, distributor, etc Saras Publication
Date of publication, distribution, etc 2012
Place of publication, distribution, etc Kanyakumari
270 ## - ADDRESS
City Kanyakumari
Postal code 629002
Address 114/35G, A. R. P. Camp Road, Periavilai, Kottar P. O., Nagercoil
300 ## - PHYSICAL DESCRIPTION
Extent xvi,528p. :
Dimensions 20cm(pbk)
Other physical details ill
500 ## - GENERAL NOTE
General note Includes index
942 ## - ADDED ENTRY ELEMENTS (KOHA)
Source of classification or shelving scheme Dewey Decimal Classification
Item type English Books
Call number suffix ARU
Holdings
Withdrawn status Lost status Not for loan Collection code Home library Current library Date acquired Source of acquisition Cost, normal purchase price Full call number Barcode Copy number Cost, replacement price Koha item type
    Not For Loan Non-fiction D.B.Act.Division D.B.Act.Division 24/03/2014 DBAD/PUB 250.00 ARU EN-93142 1 250.00 English Books

© Delhi Public Library
Hit Counter
free hit counter